| 000 | 00577nam a2200169 i 4500 | ||
|---|---|---|---|
| 001 | 90855 | ||
| 003 | ES-MaACL | ||
| 005 | 20230906180558.0 | ||
| 007 | t| | ||
| 008 | 050125s1969 sp ||||1| spa d | ||
| 100 | 1 |
_aLecuyer, Joseph. _971128 |
|
| 245 | 1 | 3 |
_aEl sacrificio de la Nueva Alianza / _cJoseph Lecuyer ; [traducción de la Comunidad de Religiosas del Monasterio de San Benito]. |
| 260 |
_aBarcelona : _bHerder, _c[1969] |
||
| 300 |
_a371 p. ; _c22 cm. |
||
| 710 | 2 |
_aComunidad de Religiosas del Monasterio de San Benito. _93129 |
|
| 852 |
_aES-MaACL _jC-37168 _bR.69207 |
||
| 999 |
_c90855 _d90855 |
||